000 00743nam a2200229 a 4500
001 68684
003 BD-RjUL
005 20211209081810.0
008 170404s1969 ii a|||| |||| 001 0 eng d
035 _a(BD-RjUL)68894
040 _aBD-RjUL
_beng
_cBD-RjUL
_dBD-RjUL
041 _aeng
082 _223
_a633.095
_bPOB 1969
100 _aPoehlman, John Milton
_9203573
245 _aBreeding Asian field crops :
_bwith special reference to crops of India /
_cJohn Milton Poehlman; Dhirendranath Borthakur
260 _aNew Delhi :
_bOxford and IBH,
_c1969.
300 _a384 p. :
_bill. ;
_c24 cm.
500 _aInclude Index.
650 _aField crops
_z Asia.
_9203574
700 _aBorthakur, Dhirendranath
_9203576
942 _2ddc
_cBK
999 _c68684
_d68684